Effectif Qatar - Coupe du monde 2026 - Statistiques

Statistiques générales
  • Ce quiz a été pris 3 fois
  • Le résultat moyen est 2 sur 27
Statistiques - réponses
Poste Club Numéro Joueur % Correct
Attaquant Al-Sadd SC 11 Akram Afif
100%
Attaquant Al-Duhail SC 19 Almoez Ali
67%
Sélectionneur - - Julen Lopetegui
33%
Défenseur Al-Sadd SC 2 Pedro Miguel
33%
Milieu Al-Rayyan SC 6 Abdulaziz Hatem
0%
Attaquant Al-Rayyan SC 7 Ahmed Alaaeldin
0%
Attaquant Al-Gharafa SC 17 Ahmed Al-Janehi
0%
Milieu Al-Arabi SC 20 Ahmed Fathy
0%
Défenseur Al-Arabi SC 25 Al-Hashmi Al-Hussain
0%
Milieu Al-Wakrah SC 23 Assim Madibo
0%
Défenseur Al-Gharafa SC 13 Ayoub Al-Alawi
0%
Défenseur Al-Sadd SC 16 Boualem Khoukhi
0%
Attaquant Al-Duhail SC 8 Edmílson Junior
0%
Attaquant Al-Sadd SC 10 Hassan Al-Haydos
0%
Défenseur Cultural Leonesa 14 Homam Al-Amin
0%
Défenseur Al-Arabi SC 4 Issa Laye
0%
Milieu Al-Rayyan SC 5 Jassim Gaber
0%
Milieu Al-Duhail SC 12 Karim Boudiaf
0%
Défenseur Al-Wakrah SC 3 Lucas Mendes
0%
Gardien Al-Rayyan SC 1 Mahmoud Abunada
0%
Gardien Al-Sadd SC 22 Meshaal Barsham
0%
Milieu Al-Shamal SC 26 Mohamed Mannai
0%
Attaquant Al-Gharafa SC 9 Mohammed Muntari
0%
Gardien Al-Duhail SC 21 Salah Zakaria
0%
Défenseur Al-Duhail SC 18 Sultan Al-Brake
0%
Attaquant Al-Duhail SC 24 Tahsin Mohammed
0%
Attaquant Al-Wakrah SC 15 Youssef Abdulrazzaq
0%
Aucun quiz correspondant
Distribution des résultats
% des personnes avec chaque résultat
Percentile par nombre de réponses
Votre historique - résultats
Vous n’avez pas pris ce quiz